000 00864cab a2200253 4500
001 ABS50249
008 090401t1994 xxu||||| |||| 00| 0 eng d
035 _a(Sirsi) u74843
041 _aeng
100 _aBouwens, D.
245 _aEnglish mud-brick and mud building
260 _c1994
350 _a0
490 _aContext
_v(41) March 1994, 19-21(3)
520 _aDiscusses the tradition of building with earth walls throughout Great Britain and looks at various forms including wattle and daub, clay lump, mud blocks and chalky boulder clay. It also looks at repair methods for such buildings and the effects of the weather on these.
650 _aCHALK
650 _aCLAY-LUMP
650 _aEARTHWALLS
650 _aMUD-BRICK
650 _aTIMBER-FRAME
690 _aBUILT ENVIRONMENT-BUILDING MATERIALS
942 _n0
948 _c04/03/1997
999 _c47154
_d47154